Pueblos mágicos / (Record no. 11983)

MARC details
000 -CABECERA
campo de control de longitud fija 00998nam a2200265 4500
003 - IDENTIFICADOR DEL NÚMERO DE CONTROL
campo de control OSt
005 - FECHA Y HORA DE LA ÚLTIMA TRANSACCIÓN
campo de control 20260530113907.0
008 - DATOS DE LONGITUD FIJA--INFORMACIÓN GENERAL
campo de control de longitud fija 260420b2005 mx a|||| |||| 00| 0 spa d
040 ## - FUENTE DE LA CATALOGACIÓN
Centro catalogador/agencia de origen ICI
Lengua de catalogación spa
Centro/agencia transcriptor ICI
050 #4 - SIGNATURA TOPOGRÁFICA DE LA BIBLIOTECA DEL CONGRESO
Número de clasificación F 1209
Número de documento/Ítem C37.2005
100 1# - ENTRADA PRINCIPAL--NOMBRE DE PERSONA
Nombre de persona Cardona Boldó, Ramiro,
9 (RLIN) 32901
245 10 - MENCIÓN DE TÍTULO
Título Pueblos mágicos /
Resto del título textos Ramiro Cardona Boldó, Rosa María Riveros Testolini ; fotografía Homero Adame [y otros nueve] ; coordinador editorial Jaime Bali ;
Mención de responsabilidad, etc. editor Ramiro Cardona Boldó.
250 ## - MENCIÓN DE EDICIÓN
Mención de edición Segunda edición.
264 #1 - PRODUCCIÓN, PUBLICACIÓN, DISTRIBUCIÓN, FABRICACIÓN Y COPYRIGHT
Nombre del de productor, editor, distribuidor, fabricante Editorial México Desconocido
Fecha de producción, publicación, distribución, fabricación o copyright 2005
Producción, publicación, distribución, fabricación y copyright Secretaría de Turismo :
300 ## - DESCRIPCIÓN FÍSICA
Extensión 244 páginas
Otras características físicas fotografías color ;
Dimensiones 32 cm.
336 ## - TIPO DE CONTENIDO
Término de tipo de contenido texto
Fuente rdacontent
337 ## - TIPO DE MEDIO
Nombre/término del tipo de medio sin medio
Fuente rdamedia
338 ## - TIPO DE SOPORTE
Nombre/término del tipo de soporte volumen
Fuente rdacarrier
500 ## - NOTA GENERAL
Nota general Ejemplar con sobrecubierta.
651 #4 - PUNTO DE ACCESO ADICIONAL DE MATERIA--NOMBRE GEOGRÁFICO
Nombre geográfico México
Subdivisión general Historia
9 (RLIN) 614
700 1# - PUNTO DE ACCESO ADICIONAL--NOMBRE DE PERSONA
Nombre de persona Riveros Testolini, Rosa María,
Término indicativo de función/relación autor
9 (RLIN) 32902
700 1# - PUNTO DE ACCESO ADICIONAL--NOMBRE DE PERSONA
Nombre de persona Adame, Homero,
Término indicativo de función/relación fotógrafo
9 (RLIN) 32903
710 1# - PUNTO DE ACCESO ADICIONAL--NOMBRE DE ENTIDAD CORPORATIVA
Nombre de entidad corporativa o nombre de jurisdicción como elemento de entrada México.
9 (RLIN) 24120
942 ## - ELEMENTOS DE PUNTO DE ACCESO ADICIONAL (KOHA)
Fuente del sistema de clasificación o colocación Library of Congress Classification
Tipo de ítem Koha

No items available.